|
|
|
|
| LEADER |
00000nab a2200000 a 4500 |
| 001 |
vtls000828441 |
| 003 |
SK-MaSNL |
| 005 |
20260302162431.0 |
| 008 |
040806c2003 xo 0 slo |
| 015 |
|
|
|a SNBRB2003/03-08214
|
| 035 |
|
|
|a CLN000180096
|
| 040 |
|
|
|a SNKBUCL
|b slo
|c SNKBUCL
|e AACR2
|
| 041 |
0 |
|
|a slo
|
| 044 |
|
|
|a xo
|c SK
|
| 080 |
|
|
|a 796.922.093.1(437.6)
|2 UDC-MRF-SK2
|
| 245 |
0 |
0 |
|a Tituly pre Bátoryho a Pastrnákovú
|b Majstrovstvá Slovenska v behu na lyžiach
|
| 611 |
2 |
7 |
|a Majstrovstvá Slovenska v behu na lyžiach
|d (2003 :
|c Dobšiná, Slovensko)
|2 snkbucl
|9 862088
|
| 650 |
0 |
7 |
|a beh na lyžiach
|2 snkbucl
|9 3259
|
| 655 |
|
7 |
|a články z novín a časopisov
|2 snkbucl
|9 267496
|
| 773 |
0 |
|
|x 0139-7001
|t Šport
|g Roč. 57, č. 55 (7.3.2003), s. 4
|
| 850 |
|
|
|a Slovenská národná knižnica v Martine
|
| 852 |
|
|
|a SNK
|b KIS3GCP
|
| 999 |
|
|
|c 1380149
|d 1382079
|